LEADER 04382nam 22006495 450 001 9911022179303321 005 20250830130212.0 010 $a3-032-04450-2 024 7 $a10.1007/978-3-032-04450-1 035 $a(CKB)40851806400041 035 $a(DE-He213)978-3-032-04450-1 035 $a(MiAaPQ)EBC32291829 035 $a(Au-PeEL)EBL32291829 035 $a(EXLCZ)9940851806400041 100 $a20250830d2025 u| 0 101 0 $aeng 135 $aur||||||||||| 181 $ctxt$2rdacontent 182 $cc$2rdamedia 183 $acr$2rdacarrier 200 14$aThe Social Epistemology of Engineered Agricultural Ecologies /$fedited by Catherine Kendig, Paul B. Thompson 205 $a1st ed. 2025. 210 1$aCham :$cSpringer Nature Switzerland :$cImprint: Springer,$d2025. 215 $a1 online resource (XIII, 152 p. 9 illus.) 225 1 $aThe International Library of Environmental, Agricultural and Food Ethics,$x2215-1737 ;$v37 311 08$a3-032-04449-9 327 $aChapter 1: Introduction: Technological innovations in agriculture: a philosophy and sociology of science approach -- Chapter 2: What is soil, and what is it for? Social ontologies and social epistemologies of soil affordances and soil experiments -- Chapter 3:Dreaming the Butterfly: Engineered Ecologies and Fragile Futures -- Chapter 4: Agency and Relationships in Engineered Agricultural Ecologies -- Chapter 5: Treading Lightly, Agriculture, and Focality -- Chapter 6: Reframing Gene Editing in Crops: Unpacking Potential Solutions by Reconsidering the Questions Asked -- Chapter 7: Unpacking public engagement in agricultural biotechnology: the role of narratives and social epistemology in a deliberative workshop on gene editing in agriculture and food -- Chapter 8: A Risk-Based Agricultural Biotechnology Ethics in the Era of Gene Editing: What is New and What Is Not. 330 $aThis open access collection of new interdisciplinary essays discusses philosophical and social implications of new biotechnologies, methods, and tools used in agriculture from a multispecies perspective. Contributors employ philosophy, sociology, and history of agriculture; agricultural ethics; philosophy of science; and science and technology studies to investigate agricultural research, farming practice, and agricultural policy. Chapters explore and critically discuss how mechanical, chemical, and genetic interventions reshape ecological relationships and agricultural knowledge by relying on case studies of interspecies interactions across different agriculturalized landscapes. These include careful examinations of the nature of dynamic causal relationships across microbial, macrobial, megaflora and faunal organismal communities; exploration of specific coevolved species of pollinators and field crops; and analyses of the epistemic and normative commitments that guide crop management decisions and shape methodological choices leading to the reengineering of land use. These analyses and case studies are intended to provide readers with a variety of conceptual tools through which the use of agricultural technologies might possibly be understood and debated . 410 0$aThe International Library of Environmental, Agricultural and Food Ethics,$x2215-1737 ;$v37 606 $aAgriculture 606 $aApplied ethics 606 $aTechnology$xPhilosophy 606 $aAgricultural biotechnology 606 $aAgricultural genome mapping 606 $aAgricultural Ethics 606 $aPhilosophy of Technology 606 $aAgricultural Biotechnology 606 $aAgricultural Genetics 615 0$aAgriculture. 615 0$aApplied ethics. 615 0$aTechnology$xPhilosophy. 615 0$aAgricultural biotechnology. 615 0$aAgricultural genome mapping. 615 14$aAgricultural Ethics. 615 24$aPhilosophy of Technology. 615 24$aAgricultural Biotechnology. 615 24$aAgricultural Genetics. 676 $a174.963 702 $aKendig$b Catherine$4edt$4http://id.loc.gov/vocabulary/relators/edt 702 $aThompson$b Paul B$4edt$4http://id.loc.gov/vocabulary/relators/edt 801 0$bMiAaPQ 801 1$bMiAaPQ 801 2$bMiAaPQ 906 $aBOOK 912 $a9911022179303321 996 $aThe Social Epistemology of Engineered Agricultural Ecologies$94430639 997 $aUNINA